Η θέση της γυναίκας στον εργασιακό χώρο στην Ελλάδα : θέματα ισότητας : πτυχιακή εργασία

Αποθηκεύτηκε σε:
Λεπτομέρειες βιβλιογραφικής εγγραφής
Κύριος συγγραφέας: Μαντοπούλου, Βασιλική
Συγγραφή απο Οργανισμό/Αρχή: Πανεπιστήμιο Αιγαίου Σχολή Κοινωνικών Επιστημών Τμήμα Κοινωνιολογίας
Άλλοι συγγραφείς: Τσομπάνογλου, Γεώργιος Οδ (Εισηγητής διατριβής)
Μορφή: Thesis Βιβλίο
Γλώσσα:Greek
Δημοσίευση: 2008
Θέματα:
Διαθέσιμο Online:http://hdl.handle.net/11610/7877
Ετικέτες: Προσθήκη ετικέτας
Δεν υπάρχουν, Καταχωρήστε ετικέτα πρώτοι!

MARC

LEADER 00000cam a2200000 i 4500
001 1/1988
008 091012s2008 gre d
035 |l 10105812 
040 |a GR-MY-UA  |b gre  |e aacr 
041 0 |a gre 
082 0 |a 331.4  |2 (22) 
100 1 |a Μαντοπούλου, Βασιλική. 
245 1 2 |a Η θέση της γυναίκας στον εργασιακό χώρο στην Ελλάδα :  |b θέματα ισότητας : πτυχιακή εργασία /  |c Μαντοπούλου Βασιλική ; επιβλέπων: Γ. Τσομπάνογλου 
260 |c 2008 
300 |a 92 σ.;  |c 30 εκ. 
500 |a Βιβλιογραφία: σ.86-88 
502 |a Πτυχιακή εργασία – Πανεπιστήμιο Αιγαίου, Λέσβος, 2008. 
650 0 0 |a Women  |x Employment  |z Greece. 
650 0 0 |a Women  |z Greece  |x Social conditions. 
650 0 0 |a Sex discrimination against women  |z Greece. 
650 0 0 |a Sex discrimination in employment  |z Greece. 
650 0 0 |a Sex role in the work environment  |z Greece. 
650 0 0 |a Dissertations, Academic  |z Greece. 
700 1 |4 ths  |a Τσομπάνογλου, Γεώργιος Οδ. 
710 2 |a Πανεπιστήμιο Αιγαίου  |b Σχολή Κοινωνικών Επιστημών  |b Τμήμα Κοινωνιολογίας. 
852 |a INST  |b LESVOS  |c DIATR  |e 20091012  |h 351  |p 005100046282  |q 005100046282  |t DIE  |y 23 
852 |a INST  |b LESVOS  |c DIATR  |e 20091012  |h 352  |p 005100046283  |q 005100046283  |t DIE  |y 23 
856 |u http://hdl.handle.net/11610/7877 
901 |a BIBL1-2009-3 
909 |a Λ  |b 159461 
909 |a Λ  |b 159480 
924 |a ΜΑΝΤΟΠΟΥΛΟΥ  |b ΒΑΣΙΛΙΚΗ  |y ΛΕΣΒΟΣ  |z 2008-11 
970 |a ΤΖΑΦΕΡΗ  |b ΕΥΑΓΓΕΛΙΑ  |z 2009/10/12